000
00302nam a2200121Ia 4500
008
191201s2007 xx 000 0 und d
100
_a
KAMTHANE, Ashok N
245
0
_a
Introduction to data structures in c
250
_a
imp
260
_c
2007
_b
Pearson
_a
NEW DELHI
300
_a
484
942
_2
ddc
_c
BK
_0
11
999
_c
7983
_d
7983